| 000 | 00704nam a2200241 i 4500 | ||
|---|---|---|---|
| 001 | bg | ||
| 100 | 1 | _aRAJCZYK, Marlena | |
| 245 | 1 | 0 |
_aKosztorysowanie robót budowlanych / _cMarlena Rajczyk ; Politechnika Cęstochowska. |
| 260 |
_aCzęstochowa : _bWydawnictwa PC, _c2004. |
||
| 300 |
_a[2], 143 s. : _btab. ; _c24 cm. |
||
| 504 | _aBibliogr. s. 143. | ||
| 650 | 9 |
_aBudownictwo _xceny |
|
| 650 | 9 |
_aBudownictwo _xkoszty _xrachunkowość |
|
| 655 | _aPodręczniki | ||
| 710 | 0 | _aPolitechnika Częstochowska | |
| 020 | _a8371932332 | ||
| 040 | _cBPK | ||
| 041 | 0 | _apol | |
| 080 | _a657.47::69:338.5](07) | ||
| 920 | _a83-7193-233-2 | ||
| 942 | _cKS | ||
| 008 | s pl f |000 0 pol | ||
| 999 |
_c44581 _d44581 |
||
| 856 |
_uhttp://koha.tu.koszalin.pl/cgi-bin/koha/opac-detail.pl?biblionumber=44581 _yKatalog online BPK |
||